Kei Car Quiz - Statistics

General Stats
  • This quiz has been taken 24 times
  • The average score is 8 of 12
Answer Stats
Picture Answer % Correct
Suzuki Cappuccino
100%
Honda Beat
93%
Autozam AZ-1
86%
Daihatsu Copen
86%
Honda Acty
64%
Mazda R360
64%
Subaru 360
64%
Daihatsu Midget
57%
Smart K
50%
Subaru Sambar
50%
Suzuki Alto Works
43%
Honda S600
36%
No matching quizzes found
Score Distribution
Percent of People with Each Score
Percentile by Number Answered
Your Score History
You have not taken this quiz